|
|
|
|
| LEADER |
00000nab a2200000 a 4500 |
| 001 |
vtls009355823 |
| 003 |
SK-MaSNL |
| 005 |
20260303055053.0 |
| 008 |
140625c1973 xo 0 slo |
| 015 |
|
|
|a SNBRB1973
|
| 040 |
|
|
|a SNKBUCL
|b slo
|c SNKBUCL
|e AACR2
|
| 041 |
0 |
|
|a slo
|
| 044 |
|
|
|a xo
|c SK
|
| 080 |
|
|
|a 796.51
|2 2001
|
| 100 |
1 |
|
|a Žalčík, Ján
|4 aut
|9 279409
|
| 245 |
1 |
0 |
|a Z histórie turistických zrazov SNP
|c Ján Žalčík, Ján Puskailer
|
| 650 |
0 |
7 |
|a turistika
|2 snkbucl
|9 683
|
| 655 |
|
7 |
|a články z novín a časopisov
|2 snkbucl
|9 267496
|
| 700 |
1 |
|
|a Puskailer, Ján
|4 aut
|9 271892
|
| 773 |
0 |
|
|t Krásy Slovenska
|g Roč. 50, č. 6 (1973), s. 248-256
|
| 850 |
|
|
|a Slovenská národná knižnica v Martine
|
| 852 |
|
|
|a SNK
|b KIS3GCP
|
| 992 |
|
|
|a RBX
|
| 999 |
|
|
|c 1725839
|d 1727769
|